Advocacia pública e o novo código de processo civil / (Record no. 248)

MARC details
000 -LÍDER
Campo Fixo de Controle 00813cam a2200253 a 4500
001 - NÚMERO DE CONTROLE
Campo de Controle 248
003 - IDENTIFICAÇÃO DO NÚMERO DE CONTROLE
Campo de Controle BR-CuiBMT
005 - DATA E HORA DA ÚLTIMA ATUALIZAÇÃO
Campo de Controle 20231028212422.0
008 - DADOS FIXOS
Dados Fixos 230913s2016 mgb 000 0 por d
020 ## - INTERNATIONAL STANDARD BOOK NUMBER
Nº do ISBN 97845001737
040 ## - AGÊNCIA CATALOGADORA
Código da Agência Catalogadora BR-CuiBMT
Agência que transcreveu o registro BR-CuiBMT
080 ## - Nº DA CLASSIFICAÇÃO DECIMAL UNIVERSAL
Nº edição CDU 2007
Nº Class. CDU 347.965
090 ## - NÚMERO DE CHAMADA
Nº classificação 347.965
Cutter A244
245 00 - TÍTULO PRINCIPAL
Título principal Advocacia pública e o novo código de processo civil /
Indicação de responsabilidade Alzemeri Martins Ribeiro de Britto, Rodrigo Otávio Barioni, coordenadores.
260 ## - PUBLICAÇÃO, DISTRIBUIÇÃO, ETC.
Local de publicação Belo Horizonte :
Editora Fórum,
Data 2016.
300 ## - DESCRIÇÃO FÍSICA
N. páginas ou volumes 407 p. ;
Dimensões 24 cm
504 ## - NOTA DE BIBLIOGRAFIA, ETC.
Nota de bibliografia Inclui bibliografia.
650 ## - ASSUNTO TÓPICO
Cabeçalho tópico ou nome geográfico Advocacia pública
650 ## - ASSUNTO TÓPICO
Cabeçalho tópico ou nome geográfico Direito público
650 ## - ASSUNTO TÓPICO
Cabeçalho tópico ou nome geográfico Direito processual civil
700 1# - ENTRADA SECUNDÁRIA -- NOME PESSOAL
Nome pessoal Britto, Alzemeri Martins Ribeiro de
Cód. do termo explicativo coord.
700 1# - ENTRADA SECUNDÁRIA -- NOME PESSOAL
Nome pessoal Bariori, Rodrigo Otávio,
Datas associadas ao nome 1972-
Cód. do termo explicativo coord.
942 ## - ELEMENTOS DE ENTRADA ADICIONAIS (KOHA)
Fonte de classificação ou esquema de arquivamento Classificação Decimal Universal
Tipo de item do Koha Livros
Holdings
Estado: removido Estado: perdido Fonte de classificação ou esquema de arquivamento Estado: danificado Indisponível para empréstimo Localização permanente Localização atual Data de aquisição Total Checkouts Número de Chamada completo Código de barras Date last seen Número do exemplar Preço efetivo a partir de Tipo de item (Koha)
    Classificação Decimal Universal     Biblioteca da Escola Superior de Contas do TCE/MT Biblioteca da Escola Superior de Contas do TCE/MT 28/07/2023   347.965 A244 BIBTCEMT23090031 13/09/2023 Ex. 1 13/09/2023 Livros
    Classificação Decimal Universal     Biblioteca da Escola Superior de Contas do TCE/MT Biblioteca da Escola Superior de Contas do TCE/MT 28/07/2023   347.965 A244 BIBTCEMT23100030 25/10/2023 Ex. 2 25/10/2023 Livros
    Classificação Decimal Universal     Biblioteca da Escola Superior de Contas do TCE/MT Biblioteca da Escola Superior de Contas do TCE/MT 28/07/2023   347.965 A244 BIBTCEMT23100031 25/10/2023 Ex. 3 25/10/2023 Livros

Powered by Koha